000 00627nam a2200217Ia 4500
003 GCL
008 140319s9999 xx 000 0 ara d
040 _aGCL /
_cGCL
082 0 4 _aط
_b511.5
_bب س
100 1 _aباركر، برثا موريس
245 1 0 _aالسحب والمطر والثلج /
_cباركر، برثا موريس
700 1 _aمحمد اللقانى
300 _a35 ص
490 _aمجموعة الكتب العلمية المبسطة
_v0
650 0 4 _aالثلج
650 0 4 _aالسحاب
650 0 4 _aالامطار
650 0 4 _aقوس قزح
650 0 4 _aالندى
942 _2ddc
_cBK
999 _c51335
_d51335